Bioquimica

Furkejuvvon:
Bibliográfalaš dieđut
Váldodahkkit: Wood B, William (Dahkki), Wilson, John H (Dahkki), Benbow, Robert M (Dahkki), Hood, Leroy E (Dahkki)
Materiálatiipa: Girji
Giella:espánnjágiella
Almmustuhtton: Ciudad de México Fondo Educativo Interamericano 1977
Fáttát:
Fáddágilkorat: Lasit fáddágilkoriid
Eai fáddágilkorat, Lasit vuosttaš fáddágilkora!

MARC

LEADER 00000nam a2200000 a 4500
001 UCJ0846
003 CL-VaPUC
008 060908e19770000MX |||||||||||||||||spa|d
082 0 4 |a 572  |b WOO  |2 21 
100 0 |a Wood B, William  |e author  |9 501251 
700 0 |a Wilson, John H  |e author  |9 501252 
700 0 |a Benbow, Robert M  |e author  |9 501253 
700 0 |a Hood, Leroy E  |e author  |9 501254 
245 1 0 |a Bioquimica 
300 |a 534 p 
942 |c BK 
945 |d 20060908 00:00:00  |a jtorresc 
260 |a Ciudad de México  |b Fondo Educativo Interamericano  |c 1977 
650 0 |a Bioquímica   |9 259492 
650 0 |a Biomoléculas   |9 263074 
650 7 |a PROTEINAS  |2 CL-VaPUC  |9 501255 
650 7 |a ENZINAS  |2 CL-VaPUC  |9 501256 
650 0 |a Bioenergética   |9 264272 
583 |a last modification  |c 20140409 03:03:44  |k Rodrigo Vera 
999 |c 317599  |d 317597 
952 |0 0  |1 0  |4 0  |6 572_000000000000000_WOO_1977  |7 0  |8 A  |9 394176  |a BIBCUR  |b BIBCUR  |d 2019-11-22  |i 4277171  |o 572 WOO 1977  |p 4277171  |r 2025-04-22  |w 2019-11-22  |y BK  |k BCB